000 00486nam a2200145 4500
999 _c1264
_d1264
008 200120b ||||| |||| 00| 0 eng d
082 0 0 _a621.312
_bM884
100 _9851
_aMorse, Fredrick T.
245 1 0 _aPower plant engineering: the theory and practice of stationary electric generating plants
_cby Fredrick T. Morse
260 _aNew Delhi
_bEast- West Press
_c1953
300 _axii, 687 p.
490 0 _aAdapted to M. K. S. Units
650 0 _aElectric power plants
942 _2ddc
_cBK